Estadísticas para Países más Poblados que Limitan con Otros

Haz click aquí para tomar la prueba!

Estadísticas generales

  • Esta prueba ha sido tomada 2.603 veces
  • La puntuación promedio es 19 de 24

Estadísticas de respuestas

Paíz% Correcto
China
100%
India
99%
Rusia
98%
Estados Unidos
96%
México
95%
Canadá
93%
Brasil
92%
Argentina
91%
Pakistán
90%
Francia
88%
Alemania
87%
Colombia
86%
Bangladés
85%
Irán
84%
Italia
79%
Ucrania
79%
Vietnam
78%
Myanmar
77%
Turquía
71%
R. D. Congo
65%
Polonia
61%
Etiopía
54%
Kenia
51%
Tanzania
49%

Distribución de puntuación

Porcentaje por número respondido

Porcentaje de gente con cada puntuación

Historial de tus puntuaciones

No has tomado esta prueba